Bluesová spoločnosť No. 14
| Corporate Authors: | , , , , , |
|---|---|
| Other Authors: | , |
| Format: | CD Audio |
| Language: | English Slovak Hungarian |
| PhysicalDescription: | 1 audiodisk (77:50) 12 cm |
| Published: |
[Miesto vydania nie je známe]
Slovenská bluesová spoločnosť
2018
|
| Subjects: |
MARC
| LEADER | 00000njm a2200000 4500 | ||
|---|---|---|---|
| 001 | vtls011837662 | ||
| 003 | SK-MaSNL | ||
| 005 | 20260301050555.0 | ||
| 007 | sd fungnnmmned | ||
| 008 | 190129s2018 xo blnn z n eng | ||
| 015 | |a SNBJ2020 | ||
| 028 | 0 | 1 | |a R180 0010-2-331 |b Slovenská bluesová spoločnosť |
| 040 | |a SNK |b slo |c SNK |e rda | ||
| 041 | 0 | |d eng |d slo |d hun |g slo |g eng | |
| 044 | |a xo |c SK | ||
| 072 | 7 | |a 78.03 |x Vývojové obdobia v dejinách hudby |2 konspekt | |
| 080 | |a 78.036.9 |2 2011 | ||
| 080 | |a 78.03.011.26 |2 2011 | ||
| 080 | |a (086.76) |2 2011 | ||
| 245 | 0 | 0 | |a Bluesová spoločnosť |n No. 14 |
| 246 | 3 | 1 | |a Blues society |n No. 14 |
| 264 | 1 | |a [Miesto vydania nie je známe] |b Slovenská bluesová spoločnosť |c 2018 | |
| 300 | |a 1 audiodisk (77:50) |c 12 cm | ||
| 306 | |a 011750 | ||
| 336 | |a hraná hudba |b prm |2 rdacontent | ||
| 337 | |a audio |b s |2 rdamedia | ||
| 338 | |a audiodisk |b sd |2 rdacarrier | ||
| 344 | |a digital |b optical |2 rda | ||
| 347 | |a audio súbor |b CD audio |2 rda | ||
| 500 | |a V prílohe údaje o interpretoch aj v angličtine | ||
| 505 | 0 | 0 | |t Leave My Girl Alone -- |t Tush -- |t Dva cenťáky -- |t Biely sokol / |r Mattia Müller & The Geriatrix -- |t Guitar -- |t Obraz -- |t Padám -- |t Z okna / |r Pitný režim -- |t Got My Mojo Working -- |t Hétkőznapi blues -- |t The Sky is Crying -- |t Caldonia -- / |r Stone Bridge Blues Band -- |t It´s Alright, Ma -- |t Mr. Banker -- |t Brzda -- |t Teraz / |r Calvados Band -- |t Z knihy receptov -- |t Bojím sa nočných zvonení / |r Story -- |t Hudba / |r Peter Lipa & Dura Blues Club -- |t Starý vlk / |r Mattia Müller feat. Peter Lipa |
| 511 | 0 | |a Mattia Müller & The Geriatrix, Pitný režim, Stone Bridge Blues Band, Calvados Band, Story, Peter Lipa & Dura Blues Club, Mattia Müller feat. Peter Lipa | |
| 516 | |a Nahrávky vznikli v rôznych štúdiách | ||
| 546 | |a Spev aj slovensky a maďarsky | ||
| 650 | 0 | 7 | |a populárna hudba |2 SNKPH |9 3428 |
| 650 | 0 | 7 | |a blues |2 SNKPH |9 3177 |
| 655 | 7 | |a kompaktné platne |2 SNKPH |9 70690 | |
| 700 | 1 | |a Müller, Mattia |4 prf |9 356417 | |
| 700 | 1 | |a Lipa, Peter, |d 1943- |4 prf |9 100015 | |
| 710 | 2 | |a Geriatrix (hudobná skupina) |4 prf |9 356418 | |
| 710 | 2 | |a Pitný režim (hudobná skupina) |4 prf |9 356419 | |
| 710 | 2 | |a Stone Bridge Blues Band (hudobná skupina) |4 prf |9 356420 | |
| 710 | 2 | |a Calvados Band (hudobná skupina) |4 prf |9 356421 | |
| 710 | 2 | |a Story (hudobná skupina) |4 prf |9 356422 | |
| 710 | 2 | |a Dura Blues Club (hudobná skupina) |4 prf |9 356423 | |
| 999 | |c 601262 |d 603192 | ||
| 952 | |a SNK |b SNK |y PREZ |7 0 |p 17A1353281 |o snkSCD 260/14 |i snk2019/2565 |8 0 |0 0 |1 0 |4 0 |d 2019-01-29 |l 0 |r 2026-02-23 15:54:21 |w 2026-02-23 | ||


